00497nam a2200193 a 4500001001300000003000900013005001700022008004100039020002300080082001300103100001600116245003200132260004200164300000900206500003500215505001000250650002700260700001600287nice12345678IN_TiNIC20260116012708.0050524s1984 cana grp 000 0 eng  a0888738 c10000a228bHAR aHarlow, R E aRevelation the Coming King. aCanadabEvery Day Publications c1984 a12op aincludes index and biblioraphy2 aIndex aApocalyptic Literature1 aHarlow, R E